Online
Catalog

Los mexicanos pintados por sí mismos : (Record no. 23741)

MARC details
000 -CABECERA
campo de control de longitud fija 01421nam a2200289 a 4500
001 - NÚMERO DE CONTROL
campo de control 000024247
005 - FECHA Y HORA DE LA ÚLTIMA TRANSACCIÓN
campo de control 20200930022838.0
008 - DATOS DE LONGITUD FIJA--INFORMACIÓN GENERAL
campo de control de longitud fija 110125s1997 mx r 000 | spa d
020 ## - NÚMERO INTERNACIONAL ESTÁNDAR DEL LIBRO
Número Internacional Estándar del Libro 9701800990
040 ## - FUENTE DE LA CATALOGACIÓN
Centro catalogador/agencia de origen DO-SdBNP
Lengua de catalogación spa
Centro/agencia transcriptor BNPHU
082 ## - NÚMERO DE LA CLASIFICACIÓN DECIMAL DEWEY
Número de clasificación M868.44
Número de documento/Ítem M611p
049 ## - FONDOS LOCALES (OCLC)
Fondos de biblioteca BNGR
245 04 - MENCIÓN DE TÍTULO
Título Los mexicanos pintados por sí mismos :
Resto del título selección /
Mención de responsabilidad, etc. Hilarión Frías y Soto ... [et al.].
260 ## - PUBLICACIÓN, DISTRIBUCIÓN, ETC.
Lugar de publicación, distribución, etc. México, D.F. :
Nombre del editor, distribuidor, etc. Consejo Nacional para la Cultura y las Artes,
Fecha de publicación, distribución, etc. 1997.
300 ## - DESCRIPCIÓN FÍSICA
Extensión 150 p. ;
Dimensiones 21 cm.
490 1# - MENCIÓN DE SERIE
Mención de serie Clásicos para Hoy
Designación de volumen o secuencia 18
505 0# - NOTA DE CONTENIDO CON FORMATO
Título El aguador
Mención de responsabilidad Hilarión Frías y Soto
Título El evangelista
Mención de responsabilidad Juan de Dios Arias
Título La china
Mención de responsabilidad José María Rivera
Título El ministro
Mención de responsabilidad Juan de Dios Arias
Título La coqueta
Mención de responsabilidad Ignacio Ramírez
Título El cochero
Mención de responsabilidad Hilarión Frías y Soto
Título El sereno
Mención de responsabilidad José María Rivera
Título La recamarera.
Mención de responsabilidad Pantaleón Tovar
Título El vendutero.
Mención de responsabilidad José María Rivera
Título El abogado.
Mención de responsabilidad Ignacio Ramírez
Título La estanquillera
Mención de responsabilidad Ignacio Ramírez
Título El maestro de escuela.
Mención de responsabilidad José María Rivera
Título La partera
Mención de responsabilidad Juan de Dios Arias
650 #4 - PUNTO DE ACCESO ADICIONAL DE MATERIA--TÉRMINO DE MATERIA
Término de materia o nombre geográfico como elemento de entrada Literatura mexicana
Subdivisión general Colección de escritos
9 (RLIN) 49776
650 #4 - PUNTO DE ACCESO ADICIONAL DE MATERIA--TÉRMINO DE MATERIA
Término de materia o nombre geográfico como elemento de entrada Cuentos mexicanos
9 (RLIN) 11371
650 #4 - PUNTO DE ACCESO ADICIONAL DE MATERIA--TÉRMINO DE MATERIA
Término de materia o nombre geográfico como elemento de entrada Literatura mexicana
9 (RLIN) 1922
700 1# - PUNTO DE ACCESO ADICIONAL--NOMBRE DE PERSONA
Nombre de persona Frías y Soto, Hilarión
9 (RLIN) 49777
700 1# - PUNTO DE ACCESO ADICIONAL--NOMBRE DE PERSONA
Nombre de persona Dios Arias, Juan de
9 (RLIN) 49778
700 1# - PUNTO DE ACCESO ADICIONAL--NOMBRE DE PERSONA
Nombre de persona Rivera , José María
9 (RLIN) 49779
700 1# - PUNTO DE ACCESO ADICIONAL--NOMBRE DE PERSONA
Nombre de persona Ramírez, Ignacio
9 (RLIN) 49780
700 1# - PUNTO DE ACCESO ADICIONAL--NOMBRE DE PERSONA
Nombre de persona Tovar, Pantaleón
9 (RLIN) 49781
830 #0 - PUNTO DE ACCESO ADICIONAL DE SERIE-TÍTULO UNIFORME
Título uniforme Clásicos para Hoy
Designación de volumen o secuencia 18
9 (RLIN) 28953
Holdings
Estado de retiro Estado de pérdida Restricciones de uso No para préstamo Código de colección Localización permanente Ubicación/localización actual Ubicación en estantería Fecha de adquisición Número de inventario Total de préstamos Signatura topográfica completa Código de barras Fecha visto por última vez Precio válido a partir de Tipo de ítem Koha
        Monografías: Libros y Folletos General General En catalogación 25.01.2011 LF1   M868.44 M611p 24247-10 25.06.2020 25.06.2020 Préstamo en sala

Powered by Koha